| 000 | 01236nam0a2200337 4500 | ||
|---|---|---|---|
| 001 | RU\NLR\bibl\1663528 | ||
| 005 | 20250616041936.0 | ||
| 010 |
_a978-5-903578-94-8 _92000 |
||
| 021 |
_aRU _b2010-50146 _93313 |
||
| 035 | _a(nilc)RSL-KNO-004701949 | ||
| 035 | _a(NLR Aleph) 001654810 | ||
| 090 |
_a944537 _c944537 |
||
| 100 | _a20100705d2010 |||y0rusy50 ca | ||
| 101 | 0 | _arus | |
| 102 | _aRU | ||
| 105 | _aa ||||||||| | ||
| 200 | 1 |
_aГеографический очерк Кубанской области _fЛ. Я. Апостолов |
|
| 205 | _aадаптир. переизд. | ||
| 210 |
_aКраснодар _cТрадиция _d2010 |
||
| 215 |
_a313, [6] с. _cил. _d22 |
||
| 300 | _aНа тит.л. ориг. изд. в вых. дан.: Тифлис: тип. К.П. Козловского, 1897 | ||
| 607 |
_aКубанская область _xГеография _92613264 _3RU\NLR\auth\661549822 |
||
| 686 |
_aД9(2Р37)0,0 _2rubbk |
||
| 686 | _aД890(2Р37) | ||
| 700 | 1 |
_aАпостолов _bЛ. Я. _f1865-1932 _gЛеонид Яковлевич _4070 |
|
| 801 | 0 |
_aRU _bРГБ _c20100705 _grcr |
|
| 801 | 1 |
_aRU _bРГБ _c20100705 |
|
| 801 | 2 |
_aRU _bNLR _c20100813 _grcr |
|
| 942 | _cBOOK | ||
| 980 | _aNB | ||